000 02014nam a2200289Ia 4500
003 OSt
005 20210915154417.0
008 210310s2009 wauad gr 000 0 spa d
020 _a9789588307725
040 _aCO-JMCR
_cCO-JMCR
041 0 _aspa
082 0 4 _a338.372 /
_bB213m
_223
110 2 _aDepartamento de Agricultura y Desarrollo Rural
_940485
245 1 4 _aLos miles de millones hundidos :
_bjustificación económica de la reforma de la pesca /
_cBanco Mundial, Banco Internacional de Reconstrucción y Fomento
250 _aPrimera edición
260 _aWashington :
_bMayol editores,
_c2009
300 _axxii, 105 páginas :
_bilustraciones y gráficas en blanco y negro ;
_c23 cm.
490 0 _aAgricultura y desarrollo social
504 _aBibliografía : páginas 95-1052.
505 _aTendencias mundiales en la pesca. -- El rendimiento económico de la pesca de captura marina mundial. -- Estimación de la peérdida económica neta en la pesca marina mundial. -- El camino a seguir.
520 0 _aLos miles de millones hundidos: justificación económica de la reforma de la pesca muestra que la diferencia entre los beneficios económicos netos que pueden derivarse de la pesca marina y los que se obtienen actualmente es de unos 50.000 millones de dólares al año, o unos 2 billones de dólares a lo largo de tres décadas. Si se reconstituyeran las poblaciones de peces, podría conseguirse la actual captura marina con aproximadamente la mitad del actual esfuerzo de pesca mundial. Esto demuestra la sobrecapacidad masiva de la flota mundial. La competencia excesiva por unos recursos pesqueros limitados es causa del descenso de la productividad, la ineficiencia económica y la reducción de los ingresos de los pescadores.
650 1 4 _aRecurso pesqueros marinos
_940486
650 2 4 _aComercio y consumo de pesca
_940487
650 2 4 _aParametros
_vPesca
_940488
710 1 _aBanco Internacional de Reconstrucción y Fomento
_eautor
_940489
942 _2ddc
_cBK
999 _c12444
_d12444